| 000 | 02119cam a2200241 4500 | ||
|---|---|---|---|
| 001 | L137989 | ||
| 008 | 070221n2007 000 0 eng u | ||
| 035 | _a(Sirsi) u137989 | ||
| 041 | 0 | _aeng | |
| 050 | 0 | 4 | _a332.6324 $2 18 |
| 110 | 2 |
_aParagon Mortgages _94976 |
|
| 245 | 0 | 0 |
_aParagon Mortgages buy-to-let index _bApril 2007 _h[electronic resource] |
| 260 |
_aSolihull _bParagon Mortgages _c2007 |
||
| 490 | 0 |
_aParagon Mortgages Buy-to-Let Index _vApril 2007 |
|
| 505 | 2 | _aHighlights -- Averages -- Rental yield average for England and Wales -- Property value and rental income average for England and Wales -- Landlord property value, rental value, yield and percentage change by region -- Landlord property yields by region -- Landlord property values by region -- Landlord rental incomes by region -- Landlord property value, rental value, yield and percentage change by property type. | |
| 520 | _aTotal returns hit their highest level in five months, falling just short of 13%. Regions with the highest total returns are East Anglia (29%), Wales (25.6%) and the North (23.9%). Rental incomes achieved an 8.2% increase over the last quarter and a 1.6% rise over the last month. The highest rental incomes are achieved in London (£17 258), the South West (£12 016) and the South East (£11 365). Property values rose to £171 803 in March, from £169 167 in February: a monthly increase of 1.6%, and a quarterly rise of 5.5%. Regions achieving the highest property values in March were Greater London (£302 327), South East (£196 210) and South West (£188 931). Yields remained steady in March, staying at 6.1% for the second month running. The top performing regions in terms of yields were Wales (7.1%), Yorkshire (6.6%), North West (6.5%) and West Midlands (6.5%). | ||
| 590 | _aKA | ||
| 650 | 2 | 4 | _aPARAGON MORTGAGES BUY-TO-LET INDEX |
| 651 | 4 |
_aEngland and Wales _y1543- |
|
| 690 | _aPROPERTY-RESIDENTIAL PROPERTY-RESIDENTIAL PROPERTY MARKET | ||
| 856 | 4 | 0 |
_uhttps://www.paragon-mortgages.co.uk/mortgagehome.nsf/BTLIndex _zView the index free of charge at www.paragon-mortages.co.uk... |
| 942 | _n0 | ||
| 999 |
_c106965 _d106965 |
||